عرض عادي
عرض مارك
- Nursing
مدخل مصطلح موضوعي
001 - رقم الضبط
- حقل الضبط: 56107
003 - معرف رقم الضبط
- حقل الضبط: OSt
005 - تاريخ ووقت أخر عملية
- حقل الضبط: 20160724101538.0
008 - عناصر بيانات ثابتة الطول
- حقل تحكم ثابت الطول: 160724|| aca||aabn | a|a d
040 ## - مصدر الفهرسة
- هيئة الفهرسة الأصلية: OSt
- وكالة الكتابة: OSt
150 ## - مدخل-- مصطلح تاريخي
- عنصر مدخل المصطلح الموضوعي او الاسم الجغرافي: Nursing
- تفريع عام: Audio-visual aids
670 ## - بيانات المصدر موجوده
- الاستشهاد بالمصدر: Work cat.: (OSt)0: Mosby's nursing video skills. Basic, intermediate & advanced skills, c2009
